000 00288nam a22001337a 4500
008 170224b xxu||||| |||| 00| 0 eng d
020 _a0316617512
041 _aeng
080 _23 ED
_a617
100 _a5
101 _aSHS
245 _aMASTERY OF SURGERY
_cNYHUS.L.M
942 _2udc
_cBK
999 _c6193
_d6193